| 000 | 00726nam a2200229 a 4500 | ||
|---|---|---|---|
| 999 |
_c6227 _d6227 |
||
| 001 | 6227 | ||
| 003 | BD-JhCC | ||
| 005 | 20180117113522.0 | ||
| 008 | 180117s1989 bg |||| ||a| 000 0 ben d | ||
| 035 | _a(BD-JhCC)6227 | ||
| 040 |
_aBD-JhCC _dBD-JhCC |
||
| 041 | _aben | ||
| 082 |
_a297.72 _bKOR 1989 |
||
| 100 | _aকোরেশী, এম. এম. | ||
| 245 |
_aগৌরবময় জিহাদ / _bএম. এম. কোরেশী; মুহাম্মদ লুতফুল হক (অনুদিত) |
||
| 260 |
_aঢাকা : _bইসলামিক ফাউন্ডেশন, _c1989. |
||
| 300 |
_a422 p. : _c22 cm. |
||
| 650 | _aJihad | ||
| 650 | _aIslamic War | ||
| 942 |
_2ddc _cBK |
||